[Event "Tradewise Gibraltar Chess Festival 2013"]
[Site "Gibraltar ENG"]
[Date "2013.01.26"]
[Round "5.104"]
[White "Guerrero Romero, Antonio"]
[Black "Christiansmeier, Sven"]
[Result "0-1"]
[WhiteElo "1862"]
[BlackElo "2051"]
[PlyCount "48"]
[EventDate "2013.01.22"]
[EventType "swiss"]
[EventRounds "10"]
[EventCountry "ENG"]
[Source "lmi"]
[SourceDate "2013.01.22"]

1. d4 d5 2. Nf3 Nf6 3. Bg5 e6 4. e3 c6 5. Bd3 Nbd7 6. O-O Bd6 7. Nbd2 Qc7 8.
Bxf6 Nxf6 9. c4 Qe7 10. c5 Bc7 11. b4 O-O 12. Qc2 g6 13. a4 Nd7 14. e4 dxe4 15.
Nxe4 e5 16. dxe5 Nxe5 17. Nxe5 Qxe5 18. Ng3 Be6 19. Rad1 Rad8 20. Rfe1 Qf4 21.
Be4 a6 22. Nf1 Rxd1 23. Rxd1 f5 24. g3 Qxe4 0-1

[Event "Tradewise Gibraltar Chess Festival 2013"]
[Site "Gibraltar ENG"]
[Date "2013.01.26"]
[Round "5.105"]
[White "Tuchtfeld, Juergen"]
[Black "George, Lolomari Erekosima"]
[Result "1-0"]
[WhiteElo "2051"]
[BlackElo "1869"]
[PlyCount "83"]
[EventDate "2013.01.22"]
[EventType "swiss"]
[EventRounds "10"]
[EventCountry "ENG"]
[Source "lmi"]
[SourceDate "2013.01.22"]

1. Nf3 Nf6 2. c4 g6 3. Nc3 Bg7 4. g3 O-O 5. Bg2 d6 6. O-O a6 7. d3 e5 8. Bd2 h6
9. Rb1 Be6 10. Ne1 c6 11. b4 Nbd7 12. e4 Ne8 13. a4 Nc7 14. Nc2 a5 15. Qe2 axb4
16. Rxb4 Nc5 17. Be3 Bc8 18. d4 exd4 19. Bxd4 Re8 20. Bxg7 Kxg7 21. Qd2 N7e6
22. Rd1 Qf6 23. Ne3 h5 24. f4 Rf8 25. Rf1 Qd4 26. Qxd4+ Nxd4 27. Rd1 Nd7 28.
Rbb1 c5 29. Nb5 Nc6 30. Nxd6 Nd4 31. e5 Ne2+ 32. Kf1 Nc3 33. Nxc8 Nxb1 34. Bxb7
Rb8 35. Rxd7 Rbxc8 36. Bxc8 Rxc8 37. e6 Kf6 38. e7 Re8 39. Nd5+ Ke6 40. Rd8
Rxe7 41. Nxe7 Kxe7 42. Rd3 1-0

[Event "Tradewise Gibraltar Chess Festival 2013"]
[Site "Gibraltar ENG"]
[Date "2013.01.26"]
[Round "5.106"]
[White "Iglesias Fernandez, Luis"]
[Black "Stewart, Ashley"]
[Result "0-1"]
[WhiteElo "1862"]
[BlackElo "2040"]
[PlyCount "86"]
[EventDate "2013.01.22"]
[EventType "swiss"]
[EventRounds "10"]
[EventCountry "ENG"]
[Source "lmi"]
[SourceDate "2013.01.22"]

1. e4 c5 2. Nf3 d6 3. c3 Nf6 4. Be2 Bd7 5. d3 g6 6. Bg5 Bg7 7. O-O O-O 8. Qd2
Nc6 9. Bh6 c4 10. Bxg7 Kxg7 11. Nd4 cxd3 12. Bxd3 Rc8 13. Qe3 Ne5 14. Be2 Nc4
15. Bxc4 Rxc4 16. Nd2 Rc8 17. h3 Qb6 18. Rab1 e5 19. Nc2 Qxe3 20. Nxe3 Bc6 21.
f3 d5 22. exd5 Nxd5 23. Ng4 f6 24. Rfe1 Rfd8 25. Nf1 h5 26. Nge3 Nf4 27. Rbd1
Ba4 28. Rxd8 Rxd8 29. b3 Bc6 30. Rd1 Rxd1 31. Nxd1 Kf7 32. Nd2 Ke6 33. Kf2 f5
34. Nb2 g5 35. a4 Nd5 36. Nd1 Nf6 37. c4 e4 38. Nc3 Ke5 39. g3 Kd4 40. Ne2+ Kd3
41. Nf1 exf3 42. Ng1 g4 43. Ne3 Ne4+ 0-1

[Event "Tradewise Gibraltar Chess Festival 2013"]
[Site "Gibraltar ENG"]
[Date "2013.01.26"]
[Round "5.109"]
[White "Iasman, Inna"]
[Black "Candano Gonzalez, Alvaro"]
[Result "1-0"]
[WhiteElo "2019"]
[BlackElo "1717"]
[PlyCount "65"]
[EventDate "2013.01.22"]
[EventType "swiss"]
[EventRounds "10"]
[EventCountry "ENG"]
[Source "lmi"]
[SourceDate "2013.01.22"]

1. d4 g6 2. c4 Bg7 3. Nf3 c5 4. d5 d6 5. e4 e6 6. Be2 exd5 7. cxd5 a6 8. a4 Bg4
9. O-O Bxf3 10. Bxf3 Ne7 11. Nc3 O-O 12. Bf4 f6 13. h4 Qc7 14. Qd2 Nd7 15. Be2
Ne5 16. Bg3 Rad8 17. Rad1 Qd7 18. f3 Rb8 19. a5 Qd8 20. Na4 Nc8 21. f4 Bh6 22.
Qc3 Nd7 23. e5 fxe5 24. fxe5 Bg7 25. Rxf8+ Qxf8 26. Rf1 Qe8 27. Bg4 Nxe5 28.
Be6+ Kh8 29. Nxc5 Ne7 30. Ne4 Qd8 31. Ng5 h6 32. Bxe5 Bxe5 33. Nf7+ 1-0

[Event "Tradewise Gibraltar Chess Festival 2013"]
[Site "Gibraltar ENG"]
[Date "2013.01.26"]
[Round "5.110"]
[White "Hackner, Oskar A"]
[Black "Neumanova, Monika"]
[Result "1-0"]
[WhiteElo "2015"]
[BlackElo "1701"]
[PlyCount "69"]
[EventDate "2013.01.22"]
[EventType "swiss"]
[EventRounds "10"]
[EventCountry "ENG"]
[Source "lmi"]
[SourceDate "2013.01.22"]

1. d4 Nf6 2. c4 e6 3. Nc3 d5 4. cxd5 exd5 5. Bg5 c6 6. e3 Nbd7 7. Bd3 Be7 8.
Qc2 h6 9. Bh4 O-O 10. Nge2 Re8 11. O-O Nh5 12. Bxe7 Qxe7 13. Rae1 Ndf6 14. h3
Ne4 15. Bxe4 dxe4 16. Rd1 Nf6 17. Ng3 Bd7 18. f3 exf3 19. Rxf3 Be6 20. Rdf1 c5
21. Qf2 Rad8 22. dxc5 Qxc5 23. Rxf6 gxf6 24. Nge4 Qb6 25. Nxf6+ Kh8 26. Qf4 Kg7
27. Nh5+ Kf8 28. Qxh6+ Ke7 29. Qg5+ Kd7 30. Nf6+ Kc8 31. Nxe8 Rxe8 32. Nb5 Bxa2
33. Rc1+ Kd7 34. Rd1+ Kc6 35. Rd6# 1-0

[Event "Tradewise Gibraltar Chess Festival 2013"]
[Site "Gibraltar ENG"]
[Date "2013.01.26"]
[Round "5.112"]
[White "Viana, Eduardo Escudeiro"]
[Black "Dimitrijevic, Dragan"]
[Result "1/2-1/2"]
[WhiteElo "1600"]
[BlackElo "1896"]
[PlyCount "130"]
[EventDate "2013.01.22"]
[EventType "swiss"]
[EventRounds "10"]
[EventCountry "ENG"]
[Source "lmi"]
[SourceDate "2013.01.22"]

1. d4 Nf6 2. Nf3 d5 3. c4 g6 4. Nc3 Bg7 5. Bf4 O-O 6. e3 c5 7. dxc5 Qa5 8. Qb3
Ne4 9. Rc1 Nxc3 10. bxc3 dxc4 11. Bxc4 Qxc5 12. O-O Nc6 13. Be2 e5 14. Bg3 a6
15. Rfd1 b5 16. a4 Be6 17. Qc2 Bc4 18. Bxc4 bxc4 19. Qe4 Rfd8 20. h4 f6 21. h5
Ne7 22. hxg6 hxg6 23. Rb1 Rd5 24. Nh4 Rad8 25. Rxd5 Qxd5 26. Qxd5+ Rxd5 27. Rb4
Rc5 28. f4 Nd5 29. Rb8+ Kh7 30. fxe5 Nxc3 31. e6 Ne2+ 32. Kf2 Nxg3 33. Kxg3 Rc7
34. Rd8 Re7 35. Rd6 f5 36. Rxa6 Rc7 37. Nf3 Bf6 38. Nd4 c3 39. Nc2 Kg7 40. Kf3
Be7 41. Ke2 Kf6 42. Kd3 Rc5 43. Nd4 Rc8 44. Rc6 Ra8 45. Rc4 Bd6 46. Kxc3 Be5
47. Kb4 Rb8+ 48. Ka5 Rb2 49. Rb4 Rxg2 50. Kb6 Rg3 51. e7 Kxe7 52. Nc6+ Kf6 53.
Nxe5 Kxe5 54. a5 Rxe3 55. a6 Kd5 56. Rb1 g5 57. Rb5+ Kd6 58. Rxf5 Rb3+ 59. Rb5
Rxb5+ 60. Kxb5 Kc7 61. Kc5 g4 62. Kd4 g3 63. Ke3 g2 64. Kf2 g1=N 65. Kxg1 Kb8
1/2-1/2

[Event "Tradewise Gibraltar Chess Festival 2013"]
[Site "Gibraltar ENG"]
[Date "2013.01.26"]
[Round "5.114"]
[White "Collins, Andrew"]
[Black "Cebada Benitez, Fernando"]
[Result "0-1"]
[WhiteElo "1638"]
[BlackElo "1958"]
[PlyCount "154"]
[EventDate "2013.01.22"]
[EventType "swiss"]
[EventRounds "10"]
[EventCountry "ENG"]
[Source "lmi"]
[SourceDate "2013.01.22"]

1. e4 c5 2. Nf3 e6 3. d4 cxd4 4. Nxd4 a6 5. Bd3 Qc7 6. Nc3 Nf6 7. O-O Be7 8. h3
Nc6 9. Nf3 b5 10. Ne2 Bb7 11. Bf4 d6 12. Ng3 O-O 13. Qe2 Ne5 14. Nxe5 dxe5 15.
Bg5 Kh8 16. Be3 Bc5 17. Rfe1 Rac8 18. Bxc5 Qxc5 19. Qe3 Qd4 20. Qxd4 exd4 21.
e5 Nd7 22. Rac1 Rc7 23. Be4 Nc5 24. Bxb7 Nxb7 25. Red1 Rd8 26. Ne4 Kg8 27. Kf1
Kf8 28. Rd3 Nc5 29. Nxc5 Rxc5 30. c3 Ke7 31. Rcd1 Rxe5 32. Rxd4 Red5 33. Ke2
Rxd4 34. cxd4 Rc8 35. Rd2 Kd6 36. Ke3 Kd5 37. b3 Rc1 38. f3 Rc3+ 39. Kf4 f6 40.
h4 g6 41. Kg4 h6 42. Kf4 Rc1 43. Kg4 f5+ 44. Kf4 Rh1 45. Kg3 g5 46. hxg5 hxg5
47. f4 gxf4+ 48. Kxf4 Rh4+ 49. Kf3 Rxd4 50. Rc2 Ke5 51. Rc5+ Rd5 52. Rc6 Rd6
53. Rc5+ Kd4 54. Rc1 e5 55. Rd1+ Kc5 56. b4+ Kc6 57. Rc1+ Kd5 58. Rc5+ Kd4 59.
Rc1 Rg6 60. Rc5 e4+ 61. Kf4 Rxg2 62. a4 Rf2+ 63. Kg3 Rf3+ 64. Kg2 bxa4 65. Ra5
Kc4 66. Rxa4 Kb5 67. Ra5+ Kxb4 68. Rxa6 Kc5 69. Ra5+ Kd6 70. Rb5 Ke6 71. Ra5
Kf6 72. Rb5 Kg5 73. Rb8 Kf4 74. Rb4 Ra3 75. Kf2 Ra2+ 76. Ke1 Kf3 77. Rb5 f4 0-1

[Event "Tradewise Gibraltar Chess Festival 2013"]
[Site "Gibraltar ENG"]
[Date "2013.01.26"]
[Round "5.115"]
[White "Reuben, Stewart"]
[Black "Diaz Gallego, Saul"]
[Result "1-0"]
[WhiteElo "2054"]
[BlackElo "1655"]
[PlyCount "63"]
[EventDate "2013.01.22"]
[EventType "swiss"]
[EventRounds "10"]
[EventCountry "ENG"]
[Source "lmi"]
[SourceDate "2013.01.22"]

1. d4 Nf6 2. c4 e6 3. Nc3 Bb4 4. Bg5 h6 5. Bh4 c5 6. e3 d5 7. cxd5 g5 8. Bg3
Nxd5 9. Bb5+ Nd7 10. Nge2 Qa5 11. Qd3 a6 12. Bc4 N7b6 13. Bxd5 Nxd5 14. O-O
Bxc3 15. bxc3 Bd7 16. Be5 O-O 17. e4 Ne7 18. Bd6 Rfe8 19. Bxc5 Rac8 20. f4 b6
21. Bb4 Bb5 22. Qf3 Bxe2 23. Qxe2 Qb5 24. Qh5 gxf4 25. Qxh6 Ng6 26. h4 a5 27.
h5 axb4 28. hxg6 fxg6 29. Qxg6+ Kf8 30. Qf6+ Kg8 31. Rxf4 Qh5 32. Rh4 1-0

[Event "Tradewise Gibraltar Chess Festival 2013"]
[Site "Gibraltar ENG"]
[Date "2013.01.26"]
[Round "5.116"]
[White "Boesch, Heinz"]
[Black "Berggren, Klas"]
[Result "1-0"]
[WhiteElo "1904"]
[BlackElo "1523"]
[PlyCount "55"]
[EventDate "2013.01.22"]
[EventType "swiss"]
[EventRounds "10"]
[EventCountry "ENG"]
[Source "lmi"]
[SourceDate "2013.01.22"]

1. c4 e6 2. g3 d5 3. Bg2 Nf6 4. Nf3 Be7 5. O-O O-O 6. b3 Nbd7 7. Bb2 b6 8. Nc3
Bb7 9. Rc1 c6 10. d4 Rc8 11. e3 Re8 12. Qc2 Bf8 13. e4 dxe4 14. Nxe4 c5 15.
Nxf6+ Nxf6 16. Rcd1 cxd4 17. Rxd4 Qe7 18. Rf4 Nd5 19. Rh4 g6 20. Qd2 Nf6 21.
Qg5 Bg7 22. Qc1 Red8 23. Qa1 Rd7 24. Ne5 Rdc7 25. Ng4 Nh5 26. Bxg7 Nxg7 27.
Nf6+ Kf8 28. Rxh7 1-0

[Event "Tradewise Gibraltar Chess Festival 2013"]
[Site "Gibraltar ENG"]
[Date "2013.01.26"]
[Round "5.117"]
[White "Savage, Neil"]
[Black "Reid, Vaness"]
[Result "0-1"]
[WhiteElo "1620"]
[BlackElo "1844"]
[PlyCount "96"]
[EventDate "2013.01.22"]
[EventType "swiss"]
[EventRounds "10"]
[EventCountry "ENG"]
[Source "lmi"]
[SourceDate "2013.01.22"]

1. e4 e6 2. d4 d5 3. Nc3 Bb4 4. Bd3 c5 5. exd5 Qxd5 6. Bd2 Bxc3 7. Bxc3 cxd4 8.
Bxd4 e5 9. Bc3 Nc6 10. Qf3 Nf6 11. Qxd5 Nxd5 12. Ne2 O-O 13. O-O Be6 14. a3 a6
15. Rad1 Rab8 16. Bd2 Nde7 17. f4 Bg4 18. Rde1 Rbc8 19. Ng3 exf4 20. Rxf4 Be6
21. Ne4 Ng6 22. Rf2 Nce5 23. Bc3 Nxd3 24. cxd3 h6 25. d4 b6 26. Nd2 Rfd8 27.
Nf3 Ne7 28. Rc1 Nd5 29. Rd2 Rc7 30. Rdd1 Rdc8 31. Bd2 Bg4 32. Rxc7 Rxc7 33. Rc1
Rxc1+ 34. Bxc1 Bxf3 35. gxf3 Kf8 36. Kf2 Ke7 37. f4 Ke6 38. h4 b5 39. Bd2 Ne7
40. Kf3 Kd5 41. Bb4 Nf5 42. h5 Nxd4+ 43. Kg4 Ke4 44. Bc3 Nf5 45. Bb4 Ne3+ 46.
Kg3 g6 47. Bf8 gxh5 48. Bxh6 Nf5+ 0-1

[Event "Tradewise Gibraltar Chess Festival 2013"]
[Site "Gibraltar ENG"]
[Date "2013.01.26"]
[Round "5.119"]
[White "Kazmierczak, Ewa"]
[Black "Scholl, Alois"]
[Result "1-0"]
[WhiteElo "1512"]
[BlackElo "1765"]
[PlyCount "57"]
[EventDate "2013.01.22"]
[EventType "swiss"]
[EventRounds "10"]
[EventCountry "ENG"]
[Source "lmi"]
[SourceDate "2013.01.22"]

1. e4 c5 2. Nf3 Nc6 3. d4 cxd4 4. Nxd4 d6 5. c4 Nf6 6. f3 e5 7. Nc2 Be7 8. Be3
O-O 9. Be2 Nh5 10. Nc3 f5 11. O-O f4 12. Bf2 Rf6 13. Nd5 Rg6 14. Re1 Bh3 15.
Bf1 Bh4 16. Qd2 Ng3 17. Bxg3 fxg3 18. Re2 gxh2+ 19. Kh1 Bg3 20. gxh3 Qh4 21.
Bg2 Rf8 22. Nce3 Rxf3 23. Bxf3 Qxh3 24. Bg4 Rxg4 25. Nxg4 Qxg4 26. Qe3 Nd4 27.
Rg2 Qf3 28. Qxf3 Nxf3 29. Rxg3 1-0

[Event "Tradewise Gibraltar Chess Festival 2013"]
[Site "Gibraltar ENG"]
[Date "2013.01.26"]
[Round "5.121"]
[White "Piovar, Jaroslav"]
[Black "Garcia Lechugo, Francisco"]
[Result "1-0"]
[WhiteElo "1536"]
[BlackElo "1645"]
[PlyCount "77"]
[EventDate "2013.01.22"]
[EventType "swiss"]
[EventRounds "10"]
[EventCountry "ENG"]
[Source "lmi"]
[SourceDate "2013.01.22"]

1. d4 b6 2. e4 Bb7 3. Bd3 e6 4. c4 Bb4+ 5. Nc3 Nf6 6. Qe2 O-O 7. a3 Bxc3+ 8.
bxc3 Re8 9. Bg5 h6 10. Bh4 e5 11. d5 d6 12. Nf3 Nbd7 13. Nd2 c6 14. O-O Nf8 15.
f4 Ng6 16. fxe5 Nxe5 17. Bxf6 gxf6 18. Bc2 cxd5 19. Qh5 dxc4 20. Qxh6 Re6 21.
Rf4 Qf8 22. Qh3 Qd8 23. Rh4 Ng6 24. Qg3 Kf8 25. Rh7 b5 26. Rf1 Qb6+ 27. Kh1 Qc5
28. e5 Qxe5 29. Qxe5 Nxe5 30. Ne4 Nd3 31. Nxf6 Ke7 32. Ng8+ Ke8 33. Rhxf7 Bxg2+
34. Kxg2 Re2+ 35. Kg3 Re5 36. Rf8+ Kd7 37. Rxa8 Rg5+ 38. Kh4 Rg7 39. Rxa7+ 1-0

[Event "Tradewise Gibraltar Chess Festival 2013"]
[Site "Gibraltar ENG"]
[Date "2013.01.26"]
[Round "5.122"]
[White "Kuenitz, Klaus"]
[Black "Tveten, Per"]
[Result "1-0"]
[WhiteElo "1643"]
[BlackElo "1597"]
[PlyCount "89"]
[EventDate "2013.01.22"]
[EventType "swiss"]
[EventRounds "10"]
[EventCountry "ENG"]
[Source "lmi"]
[SourceDate "2013.01.22"]

1. d4 d5 2. c4 c6 3. Nc3 Nf6 4. cxd5 cxd5 5. Nf3 Bf5 6. Qb3 Qb6 7. Nxd5 Nxd5 8.
Qxd5 e6 9. Qb3 Bb4+ 10. Bd2 Bxd2+ 11. Nxd2 Nc6 12. e3 O-O 13. Qxb6 axb6 14. a3
Nb4 15. Rc1 Nc2+ 16. Kd1 Rfc8 17. Nc4 Rc6 18. Ne5 Rc7 19. Bd3 f6 20. Bxf5 exf5
21. Nd3 Rac8 22. Kd2 g5 23. Ne1 Nxe1 24. Rxc7 Nf3+ 25. gxf3 Rxc7 26. Rc1 Rxc1
27. Kxc1 Kf7 28. Kc2 Ke6 29. Kd3 h5 30. Kc4 Kd6 31. Kb5 Kd5 32. Kxb6 f4 33.
exf4 Kxd4 34. Kxb7 gxf4 35. a4 Kd3 36. a5 Ke2 37. a6 Kxf3 38. a7 Kxf2 39. a8=Q
f3 40. Qh8 Ke2 41. Qxh5 Ke3 42. Qf5 Ke2 43. h4 f2 44. Qxf6 f1=Q 45. Qxf1+ 1-0

[Event "Tradewise Gibraltar Chess Festival 2013"]
[Site "Gibraltar ENG"]
[Date "2013.01.27"]
[Round "6.1"]
[White "Le, Quang Liem"]
[Black "Vitiugov, Nikita"]
[Result "1/2-1/2"]
[WhiteElo "2705"]
[BlackElo "2694"]
[PlyCount "171"]
[EventDate "2013.01.22"]
[EventType "swiss"]
[EventRounds "10"]
[EventCountry "ENG"]
[Source "lmi"]
[SourceDate "2013.01.22"]

1. Nf3 d5 2. d4 Nf6 3. c4 e6 4. Nc3 Bb4 5. Bg5 h6 6. Bxf6 Qxf6 7. e3 O-O 8. Rc1
dxc4 9. Bxc4 c5 10. O-O cxd4 11. exd4 Rd8 12. Qb3 Bxc3 13. bxc3 Nc6 14. Qb5 Rb8
15. Bb3 Bd7 16. Qe2 Rbc8 17. Rfd1 Ne7 18. Ne5 Nc6 19. Ng4 Qg5 20. Rc2 h5 21.
Ne3 Na5 22. d5 Nxb3 23. axb3 h4 24. h3 exd5 25. Rxd5 Qf6 26. Rcd2 Be6 27. Ng4
Qe7 28. c4 Re8 29. R5d4 Rcd8 30. Nh2 Rxd4 31. Rxd4 Bf5 32. Qxe7 Rxe7 33. Nf3 f6
34. Nxh4 Be4 35. g4 a5 36. Rd2 Kf7 37. Ng2 Bc6 38. Ne3 g6 39. Kh2 Re8 40. Kg3
Ra8 41. h4 a4 42. bxa4 Rxa4 43. g5 fxg5 44. hxg5 Ra5 45. Kf4 Ke7 46. Re2 Kf7
47. f3 Rc5 48. Rc2 Ke6 49. Kg4 Ke7 50. Kf4 Ke6 51. Re2 Kf7 52. Rd2 b5 53. cxb5
Rxb5 54. Rd6 Bxf3 55. Kxf3 Rxg5 56. Kf4 Ra5 57. Nc4 Ra1 58. Ne5+ Ke7 59. Rxg6
Rf1+ 60. Nf3 Kf7 61. Ra6 Ke7 62. Ke4 Rh1 63. Kd5 Rd1+ 64. Ke5 Kd7 65. Rh6 Kc7
66. Nd4 Re1+ 67. Kd5 Rd1 68. Rh3 Kb7 69. Rc3 Kb6 70. Rc4 Rh1 71. Rb4+ Kc7 72.
Ne6+ Kd7 73. Rb7+ Ke8 74. Ng7+ Kd8 75. Ne6+ Ke8 76. Nf4 Rd1+ 77. Ke6 Re1+ 78.
Kd6 Rd1+ 79. Nd5 Kf8 80. Ra7 Rd2 81. Ke6 Re2+ 82. Kf5 Ke8 83. Nf6+ Kd8 84. Ne4
Re1 85. Ke5 Ke8 86. Kd5 1/2-1/2

[Event "Tradewise Gibraltar Chess Festival 2013"]
[Site "Gibraltar ENG"]
[Date "2013.01.27"]
[Round "6.2"]
[White "Tkachiev, Vladislav"]
[Black "Ivanchuk, Vassily"]
[Result "1/2-1/2"]
[WhiteElo "2650"]
[BlackElo "2758"]
[PlyCount "108"]
[EventDate "2013.01.22"]
[EventType "swiss"]
[EventRounds "10"]
[EventCountry "ENG"]
[Source "lmi"]
[SourceDate "2013.01.22"]

1. Nf3 c5 2. c4 Nc6 3. d4 cxd4 4. Nxd4 e6 5. a3 Nf6 6. Nc3 Nxd4 7. Qxd4 b6 8.
Qf4 Bb7 9. e4 Be7 10. Bd3 O-O 11. O-O Qb8 12. Qf3 a6 13. Bf4 d6 14. Qh3 Nd7 15.
Nd5 exd5 16. Qxd7 dxe4 17. Bxe4 Bxe4 18. Qxe7 Re8 19. Qxd6 Qxd6 20. Bxd6 Rac8
21. Rfc1 Rc6 22. Bg3 Rec8 23. b3 b5 24. Re1 Bc2 25. cxb5 axb5 26. a4 Bxb3 27.
axb5 Rb6 28. Rec1 Rxc1+ 29. Rxc1 f6 30. Rc8+ Kf7 31. Rb8 Rxb8 32. Bxb8 h5 33.
h4 Bc4 34. b6 Bd5 35. f3 Ke6 36. Kf2 Bb7 37. Ke3 Ba8 38. Bg3 Bb7 39. Kf4 Ba8
40. Be1 Bb7 41. Bc3 Ba8 42. Bb2 Bb7 43. g4 g6 44. Kg3 Ba8 45. Kf4 Bb7 46. Ke3
Ba8 47. Bc3 Bb7 48. Be1 Ba8 49. Bg3 Bb7 50. Bc7 Ba8 51. Bd8 Bb7 52. gxh5 gxh5
53. f4 f5 54. Kd4 Ba8 1/2-1/2

[Event "Tradewise Gibraltar Chess Festival 2013"]
[Site "Gibraltar ENG"]
[Date "2013.01.27"]
[Round "6.7"]
[White "Felgaer, Ruben"]
[Black "Vachier-Lagrave, Maxime"]
[Result "1/2-1/2"]
[WhiteElo "2557"]
[BlackElo "2711"]
[PlyCount "87"]
[EventDate "2013.01.22"]
[EventType "swiss"]
[EventRounds "10"]
[EventCountry "ENG"]
[Source "lmi"]
[SourceDate "2013.01.22"]

1. e4 c5 2. Nc3 d6 3. f4 Nf6 4. Nf3 e6 5. d4 d5 6. e5 Ne4 7. Nxe4 dxe4 8. Ng5
cxd4 9. Nxe4 Na6 10. a3 Nc5 11. Ng5 Be7 12. Nf3 O-O 13. Qxd4 Bd7 14. b4 Na4 15.
Bd3 Bc6 16. O-O a5 17. Qxd8 Rfxd8 18. Rb1 axb4 19. axb4 Nc3 20. Rb3 Rxd3 21.
cxd3 Ne2+ 22. Kf2 Ra2 23. Ke3 Ba4 24. Ra3 Nxc1 25. Rxa4 Rxa4 26. Rxc1 Bxb4 27.
Rc8+ Bf8 28. Rb8 Ra2 29. g4 g6 30. Rxb7 h6 31. Rc7 Bb4 32. h3 Ba5 33. Rb7 Rc2
34. Rb5 Bc3 35. Rb8+ Kg7 36. Rb7 Bb2 37. f5 Bc1+ 38. Kd4 Bb2+ 39. Ke3 Bc1+ 40.
Kd4 Bb2+ 41. Ke4 Re2+ 42. Kf4 g5+ 43. Nxg5 hxg5+ 44. Kf3 1/2-1/2

[Event "Tradewise Gibraltar Chess Festival 2013"]
[Site "Gibraltar ENG"]
[Date "2013.01.27"]
[Round "6.8"]
[White "Cramling, Pia"]
[Black "Shirov, Alexei"]
[Result "0-1"]
[WhiteElo "2518"]
[BlackElo "2708"]
[PlyCount "116"]
[EventDate "2013.01.22"]
[EventType "swiss"]
[EventRounds "10"]
[EventCountry "ENG"]
[Source "lmi"]
[SourceDate "2013.01.22"]

1. d4 d5 2. Nf3 Nf6 3. c4 c6 4. Nc3 e6 5. Bg5 dxc4 6. a4 b5 7. axb5 cxb5 8.
Nxb5 Qb6 9. Nc3 Qxb2 10. Bd2 Nd5 11. Nxd5 exd5 12. Rb1 Qa3 13. e4 Bd6 14. Ne5
O-O 15. exd5 c3 16. Bc1 Qa5 17. Rb5 Qc7 18. Bd3 Ba6 19. Rb3 Bxe5 20. dxe5 Qxe5+
21. Be3 Rd8 22. Qc2 Bxd3 23. Qxd3 Rxd5 24. Qxc3 Nd7 25. Qxe5 Nxe5 26. Ke2 a5
27. Rc1 a4 28. Rbc3 f6 29. h3 Rdd8 30. Ra3 Ra6 31. f4 Nf7 32. Rc4 Rda8 33. Bc5
h5 34. Rcc3 Rb8 35. g4 hxg4 36. hxg4 g5 37. fxg5 Nxg5 38. Bd4 Rb4 39. Rc8+ Kf7
40. Rc7+ Kg6 41. Rd7 Ne6 42. Be3 Rxg4 43. Rb7 Ng5 44. Ra7 Rxa7 45. Bxa7 Nf7 46.
Ra1 Ne5 47. Bb8 Kf5 48. Ba7 Rc4 49. Kd2 Ke6 50. Bb6 f5 51. Ba7 f4 52. Bb6 Kd5
53. Ba7 Nc6 54. Bf2 Nd4 55. Kd3 Nc2 56. Rh1 Nb4+ 57. Ke2 Ke4 58. Be1 Nd3 0-1

[Event "Tradewise Gibraltar Chess Festival 2013"]
[Site "Gibraltar ENG"]
[Date "2013.01.27"]
[Round "6.11"]
[White "Kanep, Meelis"]
[Black "Iturrizaga, Eduardo"]
[Result "0-1"]
[WhiteElo "2512"]
[BlackElo "2650"]
[PlyCount "70"]
[EventDate "2013.01.22"]
[EventType "swiss"]
[EventRounds "10"]
[EventCountry "ENG"]
[Source "lmi"]
[SourceDate "2013.01.22"]

1. d4 g6 2. e4 Bg7 3. Nc3 d6 4. f4 a6 5. Nf3 b5 6. Bd3 Bb7 7. O-O Nd7 8. e5 Nh6
9. a4 b4 10. Ne4 O-O 11. Qe1 c5 12. dxc5 dxc5 13. a5 Bd5 14. Qe2 Qc7 15. b3 f6
16. Bc4 e6 17. exf6 Nxf6 18. Neg5 Ne4 19. Bxd5 exd5 20. Ne6 Qf7 21. Nxg7 Qxg7
22. Bd2 Nf5 23. Qd3 Rfd8 24. g4 Nh6 25. h3 Nf7 26. Rad1 Qf6 27. Bc1 Rac8 28.
Be3 Qc6 29. Bc1 Qf6 30. Be3 h5 31. Nd2 hxg4 32. hxg4 Qh4 33. Qe2 Qg3+ 34. Kh1
Kg7 35. Bg1 Qh3+ 0-1

[Event "Tradewise Gibraltar Chess Festival 2013"]
[Site "Gibraltar ENG"]
[Date "2013.01.27"]
[Round "6.12"]
[White "Larino Nieto, David"]
[Black "Swiercz, Dariusz"]
[Result "1-0"]
[WhiteElo "2497"]
[BlackElo "2627"]
[PlyCount "159"]
[EventDate "2013.01.22"]
[EventType "swiss"]
[EventRounds "10"]
[EventCountry "ENG"]
[Source "lmi"]
[SourceDate "2013.01.22"]

1. Nf3 Nf6 2. d4 e6 3. e3 b6 4. Bd3 Bb7 5. b3 c5 6. O-O Be7 7. dxc5 bxc5 8. Bb2
O-O 9. Qe2 Nc6 10. Ba6 Bxa6 11. Qxa6 Qb6 12. Qe2 d5 13. Nc3 Rad8 14. Na4 Qc7
15. Rfd1 e5 16. Nd2 Rfe8 17. Ba3 Nb4 18. Nf1 e4 19. Rd2 Bd6 20. Bb2 Be5 21. a3
Bxb2 22. Nxb2 Nc6 23. Rad1 Qa5 24. Na4 c4 25. Rc1 Rb8 26. h3 Ne5 27. Rd4 Rec8
28. Qd1 Rc7 29. Ng3 cxb3 30. cxb3 Nd3 31. Rxc7 Qxc7 32. Ne2 a5 33. Nac3 Qc5 34.
b4 axb4 35. Qb3 Ra8 36. Nxd5 bxa3 37. Ra4 Rc8 38. Nxf6+ gxf6 39. Rxe4 Nc1 40.
Rg4+ Kf8 41. Nxc1 Qxc1+ 42. Kh2 Qb2 43. Qd3 Qe5+ 44. g3 Ra8 45. Qxh7 Ke7 46.
Qb1 Rb8 47. Qd3 Ra8 48. Qb3 Qb2 49. Re4+ Kf8 50. Qxb2 axb2 51. Rb4 Ra2 52. Kg2
Ke7 53. h4 Kd6 54. Rb8 Kc7 55. Rb3 Kd6 56. h5 Ke7 57. g4 Kf8 58. Kg3 Kg7 59.
Rb6 Kh7 60. f3 Kg7 61. Kf4 Ra4+ 62. e4 Ra2 63. Rb7 Kh6 64. Kf5 Kg7 65. f4 Ra5+
66. e5 fxe5 67. fxe5 Ra2 68. Rb8 Kh7 69. Kf6 Ra4 70. Rxb2 Rxg4 71. Kxf7 Rf4+
72. Ke7 Kh6 73. Rh2 Ra4 74. e6 Kg7 75. Rg2+ Kh6 76. Kf7 Rf4+ 77. Ke8 Kxh5 78.
e7 Rd4 79. Rf2 Kg6 80. Kf8 1-0

[Event "Tradewise Gibraltar Chess Festival 2013"]
[Site "Gibraltar ENG"]
[Date "2013.01.27"]
[Round "6.14"]
[White "Paehtz, Elisabeth"]
[Black "David, Alberto"]
[Result "1/2-1/2"]
[WhiteElo "2482"]
[BlackElo "2599"]
[PlyCount "83"]
[EventDate "2013.01.22"]
[EventType "swiss"]
[EventRounds "10"]
[EventCountry "ENG"]
[Source "lmi"]
[SourceDate "2013.01.22"]

1. e4 c6 2. d4 d5 3. Nc3 dxe4 4. Nxe4 Nd7 5. Nf3 Ngf6 6. Nxf6+ Nxf6 7. Ne5 Be6
8. Be2 g6 9. O-O Bg7 10. c3 O-O 11. Nd3 Bc4 12. Re1 e6 13. Bf4 Rc8 14. Bf3 Nd5
15. Bg3 Bxd3 16. Qxd3 Qb6 17. Qe2 Rfd8 18. Rad1 Rd7 19. Be4 Qd8 20. Bc2 a6 21.
Qe4 b5 22. Bb3 Bf6 23. Bf4 b4 24. Bd2 bxc3 25. bxc3 Bg5 26. Bxg5 Qxg5 27. Rd3
Qf5 28. Qxf5 gxf5 29. Red1 Kf8 30. Kf1 Ke7 31. c4 Nf6 32. Ke2 Rg8 33. g3 Rb8
34. d5 cxd5 35. cxd5 Nxd5 36. Bxd5 Rb2+ 37. Kf3 Rxd5 38. Rxd5 exd5 39. Rxd5
Rxa2 40. Rxf5 Kf8 41. Rc5 a5 42. Rc7 1/2-1/2

[Event "Tradewise Gibraltar Chess Festival 2013"]
[Site "Gibraltar ENG"]
[Date "2013.01.27"]
[Round "6.15"]
[White "Oparin, Grigoriy"]
[Black "Sandipan, Chanda"]
[Result "1/2-1/2"]
[WhiteElo "2478"]
[BlackElo "2590"]
[PlyCount "74"]
[EventDate "2013.01.22"]
[EventType "swiss"]
[EventRounds "10"]
[EventCountry "ENG"]
[Source "lmi"]
[SourceDate "2013.01.22"]

1. e4 e5 2. Nf3 Nf6 3. Nxe5 d6 4. Nf3 Nxe4 5. Nc3 Nxc3 6. dxc3 Be7 7. Be3 Nc6
8. Qd2 Be6 9. O-O-O Qd7 10. Kb1 Bf6 11. Bg5 Bxg5 12. Nxg5 O-O-O 13. Bb5 a6 14.
Ba4 Rde8 15. Rhe1 Bf5 16. Nf3 Bg4 17. Qf4 Qf5 18. Qxf5+ Bxf5 19. Nd4 Bd7 20.
Nxc6 Bxc6 21. Bxc6 bxc6 22. Kc1 Kd7 23. Kd2 Re6 24. Rxe6 fxe6 25. Ke2 Rb8 26.
b3 Rb5 27. Rd4 Ra5 28. a4 Re5+ 29. Kd2 c5 30. Rh4 h6 31. Rg4 g5 32. h4 Rf5 33.
Ke3 e5 34. hxg5 hxg5 35. Rg3 c4 36. Rg4 cxb3 37. cxb3 d5 1/2-1/2